Quizzes
Events
Quiz Creation
Community
Videos
Private Events
Remove Ads
Sign In
Join for FREE
Feedback
Dark Mode
Quiz Categories
Sports
Geography
Music
Movies
Television
Just For Fun
Miscellaneous
History
Literature
Language
Science
Gaming
Entertainment
Religion
Holiday
For Kids
Quiz Lab
Recent
Popular Today
Quiz Kudos Today
Editor Picks
Curator Picks
Quizzes by...
Day
Popularity
Type
Ratings
Length
Year
Community
Subscriptions
Recent Discussions
Orange Saloon
Badges
Playlists
Quests
Create
Leaderboards
Showdown
Live 5
Trivia Bingo
Activity
Puzzle Library
Sporcle Events
Private Events
Virtual Trivia
Globe League
Become a Host
Pub Owners
SporcleCon
Opinionation
Our Games
Videos
Blog
Mobile Apps
Partnerships
Remove Ads and Go Orange
Feedback
Miscellaneous
Crossword
General Knowledge
Baby Names
Logo
Food
Cars
Numbers
Grab Bag
University
College
Popular
Company
Slogans
Restaurants
Justice
Letter
Miscellaneous
Crossword
General Knowledge
Baby Names
Logo
Food
Cars
Numbers
Grab Bag
University
College
Popular
Company
Slogans
Restaurants
Justice
Letter
Random Quiz
Search Sporcle
×
Quiz Lab
Quiz Lab
Miscellaneous
Alphabet
Type in answers that appear in a list
Type in answers that appear in a list
Classic
Best Score? Go Orange.
Alphabet Quiz Stats
Can you name the answers to this alphabet quiz?
By
HumanBeingMan
15m
52 Questions
110 Plays
110 Plays
110 Plays
Comments
Comments
Give Quiz Kudos
Give Quiz Kudos
-
- Ratings
hide this ad
Replay
Link that replays current quiz
Next Quiz
Link to next quiz in quiz playlist
You Got
0%
They Got
Avg Score
34%
Avg Friend Score
Upgrade to see
Score Distribution
Jump to the score distribution portion of the page
Score
0/52
Timer
15:00
0
Plays Today
% Correct
Zeus
80.9%
Japanese Islands
77.3%
Nebraska
77.3%
Charlies Angels
74.5%
Xenon
70.9%
Kansas City
62.7%
St. Louis
60%
Washington D.C.
58.2%
Dali
57.3%
Quartz
57.3%
Grey's Anatomy
50.9%
Einstein
50.9%
Hippocrates
50%
Magnesium
46.4%
Xylophone
46.4%
Picasso
43.6%
Galileo
42.7%
Oklahoma!
41.8%
Utah
41.8%
Taxi
40.9%
Ukraine
38.2%
Newton
38.2%
Detroit
37.3%
Columbus
36.4%
Fawlty Towers
31.8%
Beastie Boys
28.2%
% Correct
Ibsen
25.5%
Vulcan
25.5%
Fleming
25.5%
West Side Story
25.5%
Ytterbium
25.5%
Young
24.5%
Zambia
24.5%
Verdi
21.8%
Austria
20.9%
Hungary
20%
Papua New Guinea
20%
Kepler
19.1%
Rembrandt
19.1%
It's A Wonderful Life
17.3%
Midnight Cowboy
15.5%
Liszt
13.6%
Ryder
13.6%
All About Eve
13.6%
Quincy, M.E.
12.7%
Baird
10.9%
Terms of Endearment
10.9%
Earhart
10%
Lister
10%
Shakira
10%
Jones
9.1%
Our Mutual Friend
2.7%
Quiz Playlist
Details
Report
Send in Message
Add To Playlist
Classic:
Type in answers that appear in a list
Last Updated: Feb 16, 2017
Quiz Scoreboard
CHALLENGE
Sign Up to Join the Scoreboard
Show All
Scores
Hide
Comments
May contain spoilers
Recently Published
An Introduction to Baseball
by treessimontrees
Sports
5m
Movies - When Are They Set?
by FPL_Elf
Movies
5m
Popular People in 1961
by mucciniale
History
6m
More to Explore
Quiz From the Vault
Featured Blog Post
Where Did the Easter Bunny Come From?
hide this ad
You Might Also Like...
Tags
Alphabet Quiz
Puzzle Quiz
Alphabetical
Today's Top Quizzes in Miscellaneous
Browse Miscellaneous
hide this ad
Today's Top Quizzes in Alphabet
Browse Alphabet
Top Contributed Quizzes in Miscellaneous
1
5-to-1: Fast Food
2
The JOE quick-fire general knowledge quiz: Day 173
3
The JOE quick-fire general knowledge quiz: Day 172
4
Sunday Crossword: Famous Bodies of Water
5
The JOE quick-fire general knowledge quiz: Day 171
6
One Thing in Common: United Kingdom II
7
Named After an Animal - Odd One Out!
8
The JOE quick-fire quiz: Day 170
9
sort kpop groups by number of members
10
Sunday Crossword: Themeless #5
Explore More
Trending Topics
Disney
Anime
Marvel
NBA
Harry Potter
Crossword
Kpop
Pokémon
Soccer
Song
Country
Puzzle
WWE
The Office
NFL
hide this ad
More By:
HumanBeingMan
Quiz
Plays
Rating
Category
Featured
Created
Medical Terms
5,746
4.00
Science
Sep 1, 2010
Sport in the 2000's
3,509
1.95
Sports
Jun 26, 2010
Top Tens
3,338
3.35
Miscellaneous
Oct 9, 2010
England Sides
3,253
4.90
Sports
Nov 29, 2010
UK Sport
1,758
5.00
Sports
Jan 3, 2012
Go to Creator's Profile
Score Distribution
Quiz Creator Spotlight
HumanBeingMan
Follow
Send a Message
Quizzes Created
-
Created Quiz Play Count
-
More By This Creator
Popular Quizzes Today
1
Find the Countries of Europe - No Outlines Minefield
2
Find the US States - No Outlines Minefield
3
The Countries of the World
4
Popular People in 1961
5
US States
6
1-10 Letter E Words III
7
Find the US States
8
One Thing in Common: World Cities II
More Miscellaneous Quizzes
10-to-1 Classic Boy Names (Part VII) Final
Quiz Lab
Trending Quizzes
Risky Map Clicking: Least Populous States A-Z
1-10 Letter F Words
1-10 Letter G Words
One Thing in Common: United Kingdom
Risky Map Clicking: Next State Alphabetically
Recently Updated
Leaping Animals
pecheneg
Reality TV Shows (A-Z)
bhenderson79
Rickey Henderson's Hall of Fame Teammates
pecheneg
Champions League XIs: Arsenal
pecheneg
Quick Pick: Celebrities in WWE's Hall of Fame
aduchscher
A-Z Keypad Blitz II
pecheneg
Multiple Oscar Actors
pecheneg
Mystery Phrase Blitz: Oscar 'Best Actors'
pecheneg
F. Scott Fitzgerald Novels
LTH
Pick 3 Villains
ddd62291
Trending Topics
Harry Potter
Marvel
Crossword
Kpop
Anime
Disney
NBA
Country
Soccer
WWE
NFL
Puzzle
Song
The Office
Pokémon
Your Account Isn't Verified!
In order to create a playlist on Sporcle, you need to verify the email address you used during registration. Go to your
Sporcle Settings
to finish the process.
Report this User
Report this user for behavior that violates our
Community Guidelines
.
Details:
Send Report
Go to the Sporcle.com Mobile Site →
Comments